LEADER 00832nam--2200313---450 001 990001414820203316 005 20200825070109.0 035 $a000141482 035 $aUSA01000141482 035 $a(ALEPH)000141482USA01 035 $a000141482 100 $a20040211d2001----km-y0itaa50------ba 101 0 $aita 102 $aIT 105 $ay|||z|||001yy 200 1 $aRomanzo teatrale$fMichail Bulgakov$gtraduzione di Vera Dridso 210 $aTorino$bEinaudi$c1966 215 $a213 p.$d20 cm 410 0$12001 454 1$12001 700 1$aBULGAKOV,$bMihail Afanas?evi?$0222457 702 $aDRIDSO,$bVera 801 0$aIT$bSalbc$cISBD 912 $a990001414820203316 951 $aVIII.1.A. 338(II-R-A 22)$b61374 L.M.$cII-R 959 $aBK 969 $aUMA 996 $aRomanzo teatrale$92855654 997 $aUNISA